<?xml version="1.0" encoding="UTF-8"?><?xml-stylesheet type="text/xsl" href="static/style.xsl"?><OAI-PMH xmlns="http://www.openarchives.org/OAI/2.0/" xmlns:xsi="http://www.w3.org/2001/XMLSchema-instance" xsi:schemaLocation="http://www.openarchives.org/OAI/2.0/ http://www.openarchives.org/OAI/2.0/OAI-PMH.xsd"><responseDate>2026-06-01T14:49:22Z</responseDate><request verb="GetRecord" identifier="oai:riuma.uma.es:10630/45612" metadataPrefix="marc">https://riuma.uma.es/rest/oai/request</request><GetRecord><record><header><identifier>oai:riuma.uma.es:10630/45612</identifier><datestamp>2026-02-21T00:47:17Z</datestamp><setSpec>com_10630_2254</setSpec><setSpec>col_10630_37956</setSpec></header><metadata><record xmlns="http://www.loc.gov/MARC21/slim" xmlns:dcterms="http://purl.org/dc/terms/" xmlns:doc="http://www.lyncode.com/xoai" xmlns:xsi="http://www.w3.org/2001/XMLSchema-instance" xsi:schemaLocation="http://www.loc.gov/MARC21/slim http://www.loc.gov/standards/marcxml/schema/MARC21slim.xsd">
   <leader>00925njm 22002777a 4500</leader>
   <datafield ind2=" " ind1=" " tag="042">
      <subfield code="a">dc</subfield>
   </datafield>
   <datafield ind2=" " ind1=" " tag="720">
      <subfield code="a">Macías-Fuentes, Delia</subfield>
      <subfield code="e">author</subfield>
   </datafield>
   <datafield ind2=" " ind1=" " tag="260">
      <subfield code="c">2019</subfield>
   </datafield>
   <datafield ind2=" " ind1=" " tag="520">
      <subfield code="a">El humanista catalán Francisco Satorres publicó en 1543 su obra dramática Delphinus, escrita en latín, que conmemoraba la victoria española en el asedio que el delfín Enrique, al mando de las tropas francesas, emprendió sin éxito contra Perpiñán en 1542. El presente trabajo aborda, en primer lugar, el rastreo de las fuentes clásicas empleadas en la composición del canto final entonado por la ninfa Ruscino, hija de Venus y el Pirineo, donde ésta evoca los pueblos del Rosellón y mantiene un diálogo de profundo tono dramático con su madre. En segundo lugar, se realiza un análisis del contenido de este pasaje concreto de la obra.</subfield>
   </datafield>
   <datafield ind1="8" ind2=" " tag="024">
      <subfield code="a">Macías Fuentes, D. (2019), “Entre Ruscino y Venus: influencias clásicas en el Delphinus de Francisco Satorres”, en Mundo Hispánico: cultura, arte y sociedad (Lobato Fernández, A. et alii, eds.), León: Universidad de León, 609-626</subfield>
   </datafield>
   <datafield ind1="8" ind2=" " tag="024">
      <subfield code="a">978-84-9773-972-6</subfield>
   </datafield>
   <datafield ind1="8" ind2=" " tag="024">
      <subfield code="a">https://hdl.handle.net/10630/45612</subfield>
   </datafield>
   <datafield tag="653" ind2=" " ind1=" ">
      <subfield code="a">Literatura clásica</subfield>
   </datafield>
   <datafield tag="653" ind2=" " ind1=" ">
      <subfield code="a">Humanistas - España</subfield>
   </datafield>
   <datafield ind2="0" ind1="0" tag="245">
      <subfield code="a">Entre Ruscino y Venus: influencias clásicas en el Delphinus de Francisco Satorres.</subfield>
   </datafield>
</record>
</metadata></record></GetRecord></OAI-PMH>